Wow, coklat fondu Mia!
| Main Author: | |
|---|---|
| Format: | Book |
| Published: |
Petaling Jaya :
Galeri Ilmu Sdn. Bhd. ,
2013
|
| Subjects: |
MARC
| LEADER | 00000cam a2200000 7i4500 | ||
|---|---|---|---|
| 001 | 0000171663 | ||
| 005 | 20130426.0 | ||
| 020 | |a 9789830973968 | ||
| 090 | 0 | 0 | |a F |b MAZ |
| 100 | 0 | |a Mazny M. R. | |
| 245 | 1 | 0 | |a Wow, coklat fondu Mia! |c Mazny M. R. ; Nadya Nabila |
| 260 | |a Petaling Jaya : |b Galeri Ilmu Sdn. Bhd. , |c 2013 | ||
| 300 | |a 178p. ; |c 19cm. | ||
| 650 | 0 | 0 | |a Malay fiction |
| 999 | |a 00274803 |b BUKU |c PINJAMAN |e PERPUSTAKAAN KOMUNITI PETALING JAYA | ||